Straight Up Trivia #10: Longest Running US TV Shows - Statistics

General Stats
  • This quiz has been taken 19 times
  • The average score is 5 of 10
Answer Stats
Hint Answer % Correct
Law & Order, 24 seasons. What "law" states that anything that can go wrong will go wrong? Murphy's Law
88%
The Simpsons, 36 seasons. Who shot Mr. Burns? Maggie
71%
Lassie, 19 seasons. Lassie was a Rough Collie. What island did collies originate on? Great Britain
65%
Criminal Minds, 17 seasons. "A mind is a terrible thing to waste" was the slogan of the UNCF, which encouraged African-Americans to do what? Go To College
59%
Family Guy, 23 seasons. What "family" included murderers Susan Atkins, Tex Watson, and Patricia Krenwinkel? Manson Family
59%
NCIS, 22 seasons. NCIS was a spinoff of JAG. What does the J stand for in JAG? The A and G are for Advocate General. Judge
53%
Gunsmoke, 20 seasons. Gunsmoke was set in what Kansas frontier town? Dodge City
47%
Grey's Anatomy, 21 seasons. What is the term for the first section of the small intestine in human anatomy? Duodenum
29%
American Dad! 21 seasons. George Washington's dad, Augustine, built the first version of the mansion on what family plantation? Mount Vernon
24%
Law & Order: Special Victims Unit, 26 seasons. Richard Belzer played detective John Munch for 15 seasons on SVU, but originated and played the character for 7 seasons on what NBC series set in Baltimore? Homicide: Life on the Street
0%
No matching quizzes found
Score Distribution
Percent of People with Each Score
Percentile by Number Answered
Your Score History
You have not taken this quiz